[Event "2024 National Elementary (K-6) Championship"]
[Site "Columbus, Ohio, United States"]
[Date "2024.04.27"]
[Round "3.4"]
[White "Zhao, Austin"]
[Black "Khanbutaev, Artemii"]
[Result "1-0"]
[TimeControl "G/90; d10"]
[WhiteFideId "39921786"]
[BlackFideId "55747175"]
[WhiteElo "1852"]
[BlackElo "1984"]

1. e4 {[%clk 01:30:00]} {[%emt 00:00:01]} e5 {[%clk 01:30:00]} {[%emt
00:00:07]} 2. Nf3 {[%clk 01:30:00]} {[%emt 00:00:11]} Nc6 {[%clk 01:30:00]}
{[%emt 00:00:08]} 3. Bb5 {[%clk 01:30:00]} {[%emt 00:00:05]} a6 {[%clk
01:30:00]} {[%emt 00:00:06]} 4. Ba4 {[%clk 01:29:56]} {[%emt 00:00:10]} Nf6
{[%clk 01:30:00]} {[%emt 00:00:03]} 5. O-O {[%clk 01:29:54]} {[%emt 00:00:11]}
Be7 {[%clk 01:30:00]} {[%emt 00:00:06]} 6. Re1 {[%clk 01:29:54]} {[%emt
00:00:09]} b5 {[%clk 01:30:00]} {[%emt 00:00:07]} 7. Bb3 {[%clk 01:29:54]}
{[%emt 00:00:05]} O-O {[%clk 01:29:55]} {[%emt 00:00:15]} 8. c3 {[%clk
01:29:54]} {[%emt 00:00:08]} d6 {[%clk 01:29:52]} {[%emt 00:00:12]} 9. h3
{[%clk 01:29:54]} {[%emt 00:00:05]} Na5 {[%clk 01:29:52]} {[%emt 00:00:08]} 10.
Bc2 {[%clk 01:29:49]} {[%emt 00:00:15]} c5 {[%clk 01:29:52]} {[%emt 00:00:06]}
11. d4 {[%clk 01:29:49]} {[%emt 00:00:05]} Qc7 {[%clk 01:29:52]} {[%emt
00:00:07]} 12. Nbd2 {[%clk 01:29:16]} {[%emt 00:00:44]} cxd4 {[%clk 01:29:52]}
{[%emt 00:00:08]} 13. cxd4 {[%clk 01:29:16]} {[%emt 00:00:07]} Nc6 {[%clk
01:29:52]} {[%emt 00:00:06]} 14. d5 {[%clk 01:29:07]} {[%emt 00:00:19]} Nb4
{[%clk 01:28:39]} {[%emt 00:01:22]} 15. Bb3 {[%clk 01:27:11]} {[%emt 00:02:06]}
Nd3 {[%clk 01:21:09]} {[%emt 00:07:40]} 16. Re3 {[%clk 01:26:56]} {[%emt
00:00:26]} Nc5 {[%clk 01:20:51]} {[%emt 00:00:28]} 17. Bc2 {[%clk 01:26:32]}
{[%emt 00:00:34]} Bd7 {[%clk 01:19:45]} {[%emt 00:01:15]} 18. Nb3 {[%clk
01:20:37]} {[%emt 00:06:04]} Nxb3 {[%clk 01:05:26]} {[%emt 00:14:31]} 19. Bxb3
{[%clk 01:20:08]} {[%emt 00:00:39]} Qa7 {[%clk 01:03:08]} {[%emt 00:02:27]} 20.
Re1 {[%clk 01:14:32]} {[%emt 00:05:46]} Bd8 {[%clk 01:02:47]} {[%emt 00:00:31]}
21. Be3 {[%clk 01:12:00]} {[%emt 00:02:42]} Bb6 {[%clk 01:02:47]} {[%emt
00:00:10]} 22. Qd3 {[%clk 01:06:29]} {[%emt 00:05:40]} Nh5 {[%clk 00:54:35]}
{[%emt 00:08:22]} 23. Qd2 {[%clk 01:03:56]} {[%emt 00:02:44]} Bxe3 {[%clk
00:53:11]} {[%emt 00:01:34]} 24. Rxe3 {[%clk 01:03:33]} {[%emt 00:00:33]} Nf4
{[%clk 00:49:17]} {[%emt 00:04:04]} 25. Kh2 {[%clk 00:49:08]} {[%emt 00:14:34]}
Rac8 {[%clk 00:43:06]} {[%emt 00:06:21]} 26. Ng1 {[%clk 00:45:46]} {[%emt
00:03:32]} f5 {[%clk 00:38:42]} {[%emt 00:04:34]} 27. g3 {[%clk 00:43:58]}
{[%emt 00:01:59]} Ng6 {[%clk 00:38:09]} {[%emt 00:00:43]} 28. exf5 {[%clk
00:39:25]} {[%emt 00:04:43]} Bxf5 {[%clk 00:37:53]} {[%emt 00:00:25]} 29. Nf3
{[%clk 00:37:22]} {[%emt 00:02:14]} h6 {[%clk 00:33:43]} {[%emt 00:04:19]} 30.
Kg2 {[%clk 00:32:30]} {[%emt 00:05:02]} Qf7 {[%clk 00:32:49]} {[%emt 00:01:03]}
31. Ng1 {[%clk 00:27:27]} {[%emt 00:05:15]} Qf6 {[%clk 00:29:22]} {[%emt
00:03:36]} 32. a4 {[%clk 00:25:55]} {[%emt 00:01:42]} Bd7 {[%clk 00:21:25]}
{[%emt 00:08:07]} 33. Rf3 {[%clk 00:23:43]} {[%emt 00:02:22]} Qe7 {[%clk
00:20:38]} {[%emt 00:00:57]} 34. Bc2 {[%clk 00:20:53]} {[%emt 00:03:00]} Rxf3
{[%clk 00:19:23]} {[%emt 00:01:25]} 35. Nxf3 {[%clk 00:20:53]} {[%emt
00:00:05]} Qf6 {[%clk 00:17:28]} {[%emt 00:02:05]} 36. Ra3 {[%clk 00:19:23]}
{[%emt 00:01:40]} Rc4 {[%clk 00:12:40]} {[%emt 00:04:58]} 37. Qe2 {[%clk
00:16:39]} {[%emt 00:02:54]} Bf5 {[%clk 00:11:12]} {[%emt 00:01:39]} 38. Bxf5
{[%clk 00:16:17]} {[%emt 00:00:32]} Qxf5 {[%clk 00:11:12]} {[%emt 00:00:07]} 39.
axb5 {[%clk 00:15:58]} {[%emt 00:00:29]} axb5 {[%clk 00:10:25]} {[%emt
00:00:57]} 40. Rb3 {[%clk 00:15:08]} {[%emt 00:00:59]} Rc2 {[%clk 00:08:40]}
{[%emt 00:01:56]} 41. Qe3 {[%clk 00:13:52]} {[%emt 00:01:27]} Rc5 {[%clk
00:07:49]} {[%emt 00:01:00]} 42. Qe2 {[%clk 00:12:12]} {[%emt 00:01:49]} e4
{[%clk 00:07:31]} {[%emt 00:00:29]} 43. Nd2 {[%clk 00:11:37]} {[%emt 00:00:45]}
Qxd5 {[%clk 00:06:51]} {[%emt 00:00:49]} 44. Qxe4 {[%clk 00:08:05]} {[%emt
00:03:42]} Qxd2 {[%clk 00:06:39]} {[%emt 00:00:23]} 45. Qxg6 {[%clk 00:08:05]}
{[%emt 00:00:03]} Qd5+ {[%clk 00:06:30]} {[%emt 00:00:19]} 46. Rf3 {[%emt
00:01:29]} Rc8 {[%clk 00:05:14]} 47. Qd3 {[%clk 00:07:43]} {[%emt 00:00:33]}
Qxd3 {[%clk 00:05:11]} {[%emt 00:00:13]} 48. Rxd3 {[%clk 00:07:43]} {[%emt
00:00:03]} Rc6 {[%clk 00:05:11]} {[%emt 00:00:05]} 49. Rd5 {[%clk 00:07:22]}
{[%emt 00:00:31]} Rb6 {[%clk 00:05:11]} {[%emt 00:00:11]} 50. b4 {[%clk
00:07:09]} {[%emt 00:00:23]} Kf7 {[%clk 00:05:09]} {[%emt 00:00:12]} 51. Kf3
{[%clk 00:07:09]} {[%emt 00:00:04]} Ke6 {[%clk 00:05:09]} {[%emt 00:00:11]} 52.
Ke4 {[%clk 00:07:09]} {[%emt 00:00:05]} Rb7 {[%clk 00:04:59]} {[%emt 00:00:20]}
53. f4 {[%clk 00:07:03]} {[%emt 00:00:16]} Kd7 {[%clk 00:04:59]} {[%emt
00:00:05]} 54. g4 {[%clk 00:06:12]} {[%emt 00:01:01]} Kc6 {[%clk 00:04:59]}
{[%emt 00:00:09]} 55. Rd3 {[%clk 00:05:42]} {[%emt 00:00:39]} g6 {[%clk
00:04:29]} {[%emt 00:00:41]} 56. Rc3+ {[%clk 00:05:42]} {[%emt 00:00:03]} Kd7
{[%clk 00:03:56]} {[%emt 00:00:44]} 57. Kd5 {[%clk 00:04:59]} {[%emt 00:00:52]}
Rb6 {[%clk 00:03:38]} {[%emt 00:00:28]} 58. Re3 {[%clk 00:04:15]} {[%emt
00:00:54]} h5 {[%clk 00:02:47]} {[%emt 00:01:00]} 59. g5 {[%clk 00:03:56]}
{[%emt 00:00:29]} Rb8 {[%clk 00:02:24]} {[%emt 00:00:34]} 60. Re6 {[%clk
00:03:38]} {[%emt 00:00:28]} Rf8 {[%clk 00:01:53]} {[%emt 00:00:40]} 61. Rxg6
{[%clk 00:02:47]} {[%emt 00:01:01]} Rxf4 {[%clk 00:01:53]} {[%emt 00:00:07]} 62.
Rg7+ {[%clk 00:02:02]} {[%emt 00:00:55]} Ke8 {[%clk 00:01:53]} {[%emt
00:00:11]} 63. Kxd6 {[%clk 00:02:00]} {[%emt 00:00:12]} Rxb4 {[%clk 00:01:53]}
{[%emt 00:00:06]} 64. Rb7 {[%clk 00:01:56]} {[%emt 00:00:13]} Rd4+ {[%clk
00:00:56]} {[%emt 00:01:06]} 65. Ke6 {[%clk 00:01:56]} {[%emt 00:00:02]} Re4+
{[%clk 00:00:56]} 66. Kf6 {[%clk 00:01:56]} {[%emt 00:00:04]} Rf4+ {[%clk
00:00:56]} {[%emt 00:00:02]} 67. Kg7 {[%clk 00:01:53]} {[%emt 00:00:13]} Rh4
{[%clk 00:00:56]} {[%emt 00:00:10]} 68. g6 {[%clk 00:01:39]} {[%emt 00:00:25]}
Rxh3 {[%clk 00:00:56]} {[%emt 00:00:02]} 69. Kh7 {[%clk 00:01:39]} {[%emt
00:00:01]} b4 {[%clk 00:00:31]} {[%emt 00:00:36]} 70. g7 {[%clk 00:01:39]}
{[%emt 00:00:04]} Rg3 {[%clk 00:00:31]} {[%emt 00:00:06]} 71. g8=Q+ {[%emt
00:00:06]} Rxg8 {[%clk 00:00:31]} {[%emt 00:00:01]} 72. Kxg8 {[%clk 00:01:39]}
{[%emt 00:00:02]} Kd8 {[%clk 00:00:31]} {[%emt 00:00:08]} 73. Rxb4 {[%clk
00:01:39]} Ke7 {[%clk 00:00:31]} 74. Rh4 {[%clk 00:01:39]} Kf6 {[%clk
00:00:31]} {[%emt 00:00:01]} 75. Rxh5 {[%clk 00:01:39]} Kg6 {[%clk 00:00:31]}
{[%emt 00:00:02]} 76. Ra5 {[%clk 00:01:39]} {[%emt 00:00:02]} Kh6 {[%clk
00:00:31]} {[%emt 00:00:02]} 77. Kf7 {[%clk 00:01:39]} {[%emt 00:00:02]} 1-0

[Event "2024 National Elementary (K-6) Championship"]
[Site "Columbus, Ohio, United States"]
[Date "2024.04.27"]
[Round "3.5"]
[White "Yang, Andre"]
[Black "Statz, Isaac Hart"]
[Result "1/2-1/2"]
[TimeControl "G/90; d10"]
[WhiteFideId "39930521"]
[BlackFideId "39913104"]
[WhiteElo "1962"]
[BlackElo "1808"]

1. d4 {[%clk 01:29:55]} {[%emt 00:00:13]} d5 {[%clk 01:29:51]} {[%emt
00:00:20]} 2. Nf3 {[%clk 01:29:55]} {[%emt 00:00:06]} Nf6 {[%clk 01:29:34]}
{[%emt 00:00:25]} 3. c4 {[%clk 01:29:55]} {[%emt 00:00:05]} c6 {[%clk
01:29:10]} {[%emt 00:00:35]} 4. Nc3 {[%clk 01:29:52]} {[%emt 00:00:12]} e6
{[%clk 01:28:01]} {[%emt 00:01:19]} 5. Bf4 {[%clk 01:29:44]} {[%emt 00:00:16]}
Bd6 {[%clk 01:27:12]} {[%emt 00:01:01]} 6. Bg3 {[%clk 01:29:35]} {[%emt
00:00:20]} O-O {[%clk 01:25:31]} {[%emt 00:01:50]} 7. e3 {[%clk 01:29:21]}
{[%emt 00:00:25]} Re8 {[%clk 01:23:39]} {[%emt 00:02:01]} 8. Qc2 {[%clk
01:28:51]} {[%emt 00:00:40]} a5 {[%clk 01:21:17]} {[%emt 00:02:32]} 9. Rd1
{[%clk 01:21:09]} {[%emt 00:07:51]} Bxg3 {[%clk 01:19:45]} {[%emt 00:01:43]} 10.
hxg3 {[%clk 01:21:07]} {[%emt 00:00:13]} Nbd7 {[%clk 01:18:10]} {[%emt
00:01:44]} 11. Bd3 {[%clk 01:18:36]} {[%emt 00:02:41]} h6 {[%clk 01:17:59]}
{[%emt 00:00:20]} 12. O-O {[%clk 01:11:44]} {[%emt 00:07:03]} dxc4 {[%clk
01:14:55]} {[%emt 00:03:13]} 13. Bxc4 {[%clk 01:11:44]} {[%emt 00:00:06]} b5
{[%clk 01:14:55]} {[%emt 00:00:11]} 14. Bd3 {[%clk 01:11:44]} {[%emt 00:00:10]}
Bb7 {[%clk 01:12:12]} {[%emt 00:02:52]} 15. Rd2 {[%clk 01:09:32]} {[%emt
00:02:20]} Qb6 {[%clk 01:07:29]} {[%emt 00:04:55]} 16. Ne4 {[%clk 01:04:27]}
{[%emt 00:05:14]} Nxe4 {[%clk 01:05:42]} {[%emt 00:01:58]} 17. Bxe4 {[%clk
01:03:56]} {[%emt 00:00:40]} Rac8 {[%clk 01:04:04]} {[%emt 00:01:48]} 18. Rc1
{[%clk 00:57:55]} {[%emt 00:06:12]} f5 {[%clk 00:59:29]} {[%emt 00:04:45]} 19.
Bd3 {[%clk 00:57:55]} {[%emt 00:00:03]} c5 {[%clk 00:59:08]} {[%emt 00:00:31]}
20. dxc5 {[%clk 00:57:27]} {[%emt 00:00:38]} Nxc5 {[%clk 00:58:26]} {[%emt
00:00:52]} 21. Qd1 {[%clk 00:57:27]} {[%emt 00:00:10]} Bxf3 {[%clk 00:58:00]}
{[%emt 00:00:35]} 22. gxf3 {[%clk 00:56:03]} {[%emt 00:01:33]} Nxd3 {[%clk
00:57:39]} {[%emt 00:00:32]} 23. Rxc8 {[%clk 00:53:12]} Rxc8 {[%clk 00:57:35]}
{[%emt 00:03:17]} 24. Rxd3 {[%clk 00:53:12]} {[%emt 00:00:04]} Qc6 {[%clk
00:55:36]} {[%emt 00:02:10]} 25. Rc3 {[%clk 00:51:18]} {[%emt 00:02:02]} Qb7
{[%clk 00:55:34]} {[%emt 00:00:13]} 26. Qd4 {[%clk 00:43:14]} {[%emt 00:08:11]}
Rxc3 {[%clk 00:54:55]} {[%emt 00:00:52]} 27. Qxc3 {[%clk 00:42:26]} {[%emt
00:00:58]} a4 {[%clk 00:53:58]} {[%emt 00:01:07]} 28. Qb4 {[%clk 00:40:09]}
{[%emt 00:02:26]} Qc6 {[%clk 00:53:02]} {[%emt 00:01:06]} 29. e4 {[%clk
00:39:54]} {[%emt 00:00:25]} fxe4 {[%clk 00:52:47]} {[%emt 00:00:25]} 30. fxe4
{[%clk 00:39:50]} {[%emt 00:00:15]} Kf7 {[%clk 00:52:33]} {[%emt 00:00:25]} 31.
Kg2 {[%clk 00:38:53]} {[%emt 00:01:05]} g5 {[%clk 00:52:15]} {[%emt 00:00:28]}
32. Kf3 {[%clk 00:38:31]} {[%emt 00:00:31]} h5 {[%clk 00:51:54]} {[%emt
00:00:32]} 33. Qd4 {[%clk 00:35:57]} {[%emt 00:02:41]} Qc4 {[%clk 00:50:13]}
{[%emt 00:01:56]} 34. Qd7+ {[%clk 00:35:56]} {[%emt 00:00:10]} Kf6 {[%clk
00:49:49]} {[%emt 00:00:33]} 35. Qd8+ {[%clk 00:35:53]} {[%emt 00:00:13]} Kg6
{[%clk 00:49:17]} {[%emt 00:00:43]} 36. Qg8+ {[%clk 00:34:32]} {[%emt
00:01:29]} Kh6 {[%clk 00:49:08]} {[%emt 00:00:20]} 1/2-1/2

[Event "2024 National Elementary (K-6) Championship"]
[Site "Columbus, Ohio, United States"]
[Date "2024.04.27"]
[Round "3.6"]
[White "Kandikayala, Srikar"]
[Black "Zheng, Lerui"]
[Result "0-1"]
[TimeControl "G/90; d10"]
[WhiteFideId "30993938"]
[BlackFideId "30981557"]
[WhiteElo "1847"]
[BlackElo "1935"]

1. e4 {[%clk 01:30:00]} {[%emt 00:00:05]} c5 {[%clk 01:29:40]} {[%emt
00:00:34]} 2. Nf3 {[%clk 01:29:55]} {[%emt 00:00:09]} d6 {[%clk 01:28:48]}
{[%emt 00:01:03]} 3. d4 {[%clk 01:29:49]} {[%emt 00:00:16]} cxd4 {[%clk
01:28:26]} {[%emt 00:00:32]} 4. Nxd4 {[%clk 01:29:48]} {[%emt 00:00:11]} Nf6
{[%clk 01:28:25]} {[%emt 00:00:11]} 5. Nc3 {[%clk 01:29:43]} {[%emt 00:00:15]}
g6 {[%clk 01:28:00]} {[%emt 00:00:35]} 6. Be3 {[%clk 01:26:51]} {[%emt
00:03:01]} Bg7 {[%clk 01:26:21]} {[%emt 00:01:50]} 7. Be2 {[%clk 01:18:27]}
{[%emt 00:08:34]} O-O {[%clk 01:24:22]} {[%emt 00:02:09]} 8. h3 {[%clk
01:13:30]} {[%emt 00:05:06]} Nc6 {[%clk 01:22:23]} {[%emt 00:02:11]} 9. Qd2
{[%clk 01:11:07]} {[%emt 00:02:33]} a6 {[%clk 01:15:45]} {[%emt 00:06:48]} 10.
O-O {[%clk 01:07:46]} {[%emt 00:03:30]} Qc7 {[%clk 01:10:52]} {[%emt 00:05:03]}
11. Nxc6 {[%clk 01:01:45]} {[%emt 00:06:11]} bxc6 {[%clk 01:08:47]} {[%emt
00:02:15]} 12. Bh6 {[%clk 00:56:54]} {[%emt 00:04:59]} Bb7 {[%clk 01:05:39]}
{[%emt 00:03:20]} 13. Bxg7 {[%clk 00:54:49]} {[%emt 00:02:16]} Kxg7 {[%clk
01:05:20]} {[%emt 00:00:29]} 14. Bf3 {[%clk 00:52:33]} {[%emt 00:02:25]} Rad8
{[%clk 01:03:46]} {[%emt 00:01:44]} 15. Rfe1 {[%clk 00:38:52]} {[%emt
00:13:51]} e5 {[%clk 01:00:53]} {[%emt 00:03:02]} 16. Qg5 {[%clk 00:35:49]}
{[%emt 00:03:09]} Rfe8 {[%clk 00:56:11]} {[%emt 00:04:58]} 17. Rad1 {[%clk
00:31:51]} {[%emt 00:04:06]} d5 {[%clk 00:47:18]} {[%emt 00:09:04]} 18. g3
{[%clk 00:24:41]} {[%emt 00:07:20]} h6 {[%clk 00:45:59]} {[%emt 00:01:29]} 19.
Qc1 {[%clk 00:22:58]} {[%emt 00:01:52]} d4 {[%clk 00:44:23]} {[%emt 00:01:47]}
20. Na4 {[%clk 00:20:42]} {[%emt 00:02:23]} c5 {[%clk 00:41:37]} {[%emt
00:02:58]} 21. b3 {[%clk 00:17:30]} {[%emt 00:03:23]} Nd7 {[%clk 00:37:58]}
{[%emt 00:03:49]} 22. Bg2 {[%clk 00:15:49]} {[%emt 00:01:51]} Nb6 {[%clk
00:28:40]} {[%emt 00:09:27]} 23. Nxb6 {[%clk 00:14:03]} {[%emt 00:01:57]} Qxb6
{[%clk 00:28:27]} {[%emt 00:00:23]} 24. c4 {[%clk 00:12:52]} {[%emt 00:01:20]}
f5 {[%clk 00:19:19]} {[%emt 00:09:19]} 25. Qc2 {[%clk 00:11:35]} {[%emt
00:01:27]} Qc6 {[%clk 00:14:58]} {[%emt 00:04:30]} 26. Qd3 {[%clk 00:10:41]}
{[%emt 00:01:04]} Rf8 {[%clk 00:12:38]} {[%emt 00:02:30]} 27. f3 {[%clk
00:07:42]} {[%emt 00:03:10]} Rde8 {[%clk 00:11:06]} {[%emt 00:01:42]} 28. Re2
{[%clk 00:05:47]} {[%emt 00:02:04]} h5 {[%clk 00:09:51]} {[%emt 00:01:26]} 29.
f4 {[%clk 00:04:59]} {[%emt 00:00:59]} exf4 {[%clk 00:09:31]} {[%emt 00:00:29]}
30. e5 {[%clk 00:04:59]} {[%emt 00:00:05]} f3 {[%clk 00:09:31]} {[%emt
00:00:06]} 31. Bh1 {[%clk 00:04:39]} {[%emt 00:00:29]} fxe2 {[%clk 00:09:19]}
{[%emt 00:00:22]} 32. Bxc6 {[%clk 00:04:39]} {[%emt 00:00:03]} exd1=Q+ {[%clk
00:09:18]} {[%emt 00:00:12]} 33. Qxd1 {[%clk 00:04:39]} {[%emt 00:00:02]} Bxc6
{[%clk 00:09:15]} {[%emt 00:00:13]} 34. Qd2 {[%clk 00:03:51]} {[%emt 00:00:59]}
Rxe5 {[%clk 00:08:29]} {[%emt 00:00:56]} 35. Qa5 {[%clk 00:03:48]} {[%emt
00:00:12]} Rf7 {[%clk 00:08:25]} {[%emt 00:00:14]} 36. Qb6 {[%clk 00:03:48]}
{[%emt 00:00:06]} d3 {[%clk 00:08:13]} {[%emt 00:00:21]} 37. Qb8 {[%clk
00:02:30]} {[%emt 00:01:28]} Re1+ {[%clk 00:08:01]} {[%emt 00:00:22]} 38. Kf2
{[%clk 00:02:30]} {[%emt 00:00:01]} d2 {[%clk 00:07:44]} {[%emt 00:00:27]} 39.
Qd6 {[%clk 00:02:28]} {[%emt 00:00:12]} d1=Q {[%clk 00:07:44]} {[%emt
00:00:09]} 40. Qxc6 {[%clk 00:02:26]} {[%emt 00:00:12]} Qe2# {[%clk 00:07:44]}
{[%emt 00:00:06]} 0-1

[Event "2024 National Elementary (K-6) Championship"]
[Site "Columbus, Ohio, United States"]
[Date "2024.04.27"]
[Round "3.7"]
[White "Sen, Samant Robert"]
[Black "Vuyyuru, Shriyan"]
[Result "0-1"]
[TimeControl "G/90; d10"]
[WhiteFideId "39942040"]
[BlackFideId "30997852"]
[WhiteElo "1789"]
[BlackElo "1920"]

1. e4 {[%clk 01:30:00]} e6 {[%clk 01:29:59]} {[%emt 00:00:16]} 2. d4 {[%clk
01:30:00]} {[%emt 00:00:07]} d5 {[%clk 01:29:59]} {[%emt 00:00:06]} 3. Nc3
{[%clk 01:29:56]} {[%emt 00:00:11]} dxe4 {[%clk 01:28:48]} {[%emt 00:01:17]} 4.
Nxe4 {[%clk 01:29:56]} {[%emt 00:00:09]} Nd7 {[%clk 01:28:48]} {[%emt
00:00:05]} 5. Nf3 {[%clk 01:29:20]} {[%emt 00:00:47]} Ngf6 {[%clk 01:28:32]}
{[%emt 00:00:26]} 6. Bd3 {[%clk 01:27:44]} {[%emt 00:01:46]} Be7 {[%clk
01:25:01]} {[%emt 00:03:41]} 7. O-O {[%clk 01:27:01]} {[%emt 00:00:52]} O-O
{[%clk 01:24:05]} {[%emt 00:01:06]} 8. Qe2 {[%clk 01:24:37]} {[%emt 00:02:34]}
b6 {[%clk 01:21:41]} {[%emt 00:02:35]} 9. Ne5 {[%clk 01:20:26]} {[%emt
00:04:20]} Bb7 {[%clk 01:20:28]} {[%emt 00:01:24]} 10. c3 {[%clk 01:16:14]}
{[%emt 00:04:23]} c5 {[%clk 01:13:30]} {[%emt 00:07:06]} 11. g4 {[%clk
01:00:45]} {[%emt 00:15:40]} cxd4 {[%clk 01:11:15]} {[%emt 00:02:25]} 12. cxd4
{[%clk 01:00:45]} {[%emt 00:00:09]} Nxe5 {[%clk 01:10:01]} {[%emt 00:01:23]} 13.
dxe5 {[%clk 00:55:23]} {[%emt 00:05:33]} Nxe4 {[%clk 00:59:36]} {[%emt
00:10:35]} 14. Bxe4 {[%clk 00:55:14]} {[%emt 00:00:19]} Bxe4 {[%clk 00:58:39]}
{[%emt 00:01:07]} 15. Qxe4 {[%clk 00:54:54]} {[%emt 00:00:30]} Qd7 {[%clk
00:51:17]} {[%emt 00:07:31]} 16. Be3 {[%clk 00:52:25]} {[%emt 00:02:39]} Rfd8
{[%clk 00:48:59]} {[%emt 00:02:28]} 17. Rac1 {[%clk 00:47:04]} {[%emt
00:05:31]} Rac8 {[%clk 00:48:27]} {[%emt 00:00:42]} 18. Rxc8 {[%clk 00:43:29]}
{[%emt 00:03:46]} Rxc8 {[%clk 00:48:25]} {[%emt 00:00:11]} 19. Qd4 {[%clk
00:36:07]} {[%emt 00:07:32]} Qxd4 {[%clk 00:47:11]} {[%emt 00:01:23]} 20. Bxd4
{[%clk 00:36:07]} {[%emt 00:00:06]} Kf8 {[%clk 00:46:51]} {[%emt 00:00:31]} 21.
Be3 {[%clk 00:26:16]} {[%emt 00:10:01]} Ke8 {[%clk 00:45:39]} {[%emt 00:01:21]}
22. Rc1 {[%clk 00:25:26]} {[%emt 00:01:00]} Rxc1+ {[%clk 00:45:24]} {[%emt
00:00:26]} 23. Bxc1 {[%clk 00:25:05]} {[%emt 00:00:31]} Kd7 {[%clk 00:45:24]}
{[%emt 00:00:06]} 24. f4 {[%clk 00:14:30]} {[%emt 00:10:45]} Kc6 {[%clk
00:44:17]} {[%emt 00:01:17]} 25. Kf2 {[%clk 00:13:32]} {[%emt 00:01:08]} Kd5
{[%clk 00:41:44]} {[%emt 00:02:43]} 26. Kf3 {[%clk 00:09:41]} {[%emt 00:04:01]}
g6 {[%clk 00:40:02]} {[%emt 00:01:52]} 27. Bd2 {[%clk 00:06:55]} {[%emt
00:02:56]} Kd4 {[%clk 00:38:57]} {[%emt 00:01:12]} 28. Bc3+ {[%clk 00:05:51]}
{[%emt 00:01:16]} Kd3 {[%clk 00:37:40]} {[%emt 00:01:25]} 29. h3 {[%clk
00:03:09]} {[%emt 00:02:54]} b5 {[%clk 00:37:34]} {[%emt 00:00:16]} 30. Be1
{[%clk 00:00:42]} {[%emt 00:02:37]} Kc2 {[%clk 00:36:42]} {[%emt 00:01:02]} 31.
b3 {[%clk 00:00:25]} {[%emt 00:00:28]} b4 {[%clk 00:35:28]} {[%emt 00:01:24]}
32. f5 {[%clk 00:00:14]} {[%emt 00:00:20]} Kb2 {[%clk 00:34:55]} {[%emt
00:00:43]} 33. fxg6 {[%clk 00:00:14]} {[%emt 00:00:04]} fxg6 {[%clk 00:34:42]}
{[%emt 00:00:22]} 34. Kf4 {[%clk 00:00:13]} {[%emt 00:00:12]} Kxa2 {[%clk
00:34:36]} {[%emt 00:00:15]} 35. Bxb4 {[%clk 00:00:13]} {[%emt 00:00:02]} Bxb4
{[%clk 00:34:32]} {[%emt 00:00:14]} 36. Kg5 {[%clk 00:00:13]} {[%emt 00:00:01]}
Kxb3 {[%clk 00:34:32]} {[%emt 00:00:07]} 37. h4 {[%clk 00:00:13]} {[%emt
00:00:03]} a5 {[%clk 00:34:32]} {[%emt 00:00:02]} 38. h5 {[%clk 00:00:13]}
{[%emt 00:00:10]} Bd2+ {[%clk 00:34:10]} {[%emt 00:00:32]} 39. Kf6 {[%clk
00:00:13]} {[%emt 00:00:01]} a4 {[%clk 00:34:07]} {[%emt 00:00:12]} 40. hxg6
{[%clk 00:00:13]} {[%emt 00:00:02]} hxg6 {[%clk 00:34:07]} {[%emt 00:00:01]} 41.
Kxe6 {[%clk 00:00:13]} {[%emt 00:00:10]} a3 {[%clk 00:34:07]} 42. Kf6 {[%clk
00:00:13]} {[%emt 00:00:01]} a2 {[%clk 00:34:07]} {[%emt 00:00:03]} 43. e6
{[%clk 00:00:13]} a1=Q+ {[%clk 00:34:07]} {[%emt 00:00:03]} 44. Kxg6 {[%clk
00:00:13]} {[%emt 00:00:02]} Qe5 {[%emt 00:00:11]} 45. Kf7 {[%clk 00:00:13]}
Bg5 {[%clk 00:34:07]} {[%emt 00:00:03]} 46. Kg6 {[%clk 00:00:13]} {[%emt
00:00:08]} Kc4 {[%clk 00:34:07]} {[%emt 00:00:05]} 47. Kf7 {[%clk 00:00:13]}
{[%emt 00:00:03]} Kd5 {[%clk 00:34:07]} {[%emt 00:00:02]} 48. Kg6 {[%clk
00:00:13]} {[%emt 00:00:10]} Qf6+ {[%clk 00:34:07]} {[%emt 00:00:04]} 49. Kh7
{[%clk 00:00:13]} {[%emt 00:00:02]} Bh6 {[%clk 00:34:07]} {[%emt 00:00:08]} 50.
e7 {[%clk 00:00:13]} {[%emt 00:00:07]} Qg7# {[%emt 00:00:30]} 0-1